000
00328nam a2200133Ia 4500
008
260604s9999 xx 000 0 und d
020
_a
9781641731533
082
_a
658 DRA
100
_a
Bianca drake
_9
35733
245
0
_a
Introduction to Time Management
260
_b
Larsen & Keller
500
_a
Management, Time
942
_c
BK
999
_c
8559
_d
8559